01661cam a22004215a 4500999001700000001000900017003000400026005001700030008004100047010001700088020002400105020002700129035002300156040006500179042001400244050001000258082002200268100003100290245005000321246007700371260004100448300004000489336002600529337002800555338002700583504005700610650001700667650002200684650002600706650005200732650004800784650004300832856010400875856008900979906004501068942001201113952011401125 c10210d1021018682760OSt20210217160150.0150701s1998 caua b 000 0 eng  a 98044571  a0830723617q(trade) a9780830723614q(trade) a(OCoLC)ocm39923370 aDLCbengcDLCdBAKERdBTCTAdOCLCGdOCLCFdOCLCOdOCLCQdDLC alccopycat bH465E04a231/.3221bH465E1 aHeidler, Robert D.,d1948-10aExperiencing the Spirit /cRobert D. Heidler.1 iAt head of title:aDeveloping a living relationship with the Holy Spirit aVentura, CA :bRenew Books,c©1998. a259 pages :billustrations ;c22 cm atextbtxt2rdacontent aunmediatedbn2rdamedia avolumebnc2rdacarrier aIncludes bibliographical references (pages 237-259). 0aHoly Spirit. 0aGifts, Spiritual. 0aExperience (Religion) 7aExperience (Religion)2fast0(OCoLC)fst00918383 7aGifts, Spiritual.2fast0(OCoLC)fst00942667 7aHoly Spirit.2fast0(OCoLC)fst00959009423Contributor biographical informationuhttp://www.loc.gov/catdir/enhancements/fy1511/98044571-b.html423Publisher descriptionuhttp://www.loc.gov/catdir/enhancements/fy1511/98044571-d.html a0bibcccopycatd2eepcnf20gy-gencatlg 2ddccBK 00102ddc40708NFICaHMCbHMCcGENd2021-02-19l0o231.3 H465Ep011774r2021-02-19 00:00:00w2021-02-19yBK